| 000 | 00438nam a2200181Ia 4500 | ||
|---|---|---|---|
| 001 | 14308 | ||
| 005 | 20260306164904.0 | ||
| 008 | 260306t1998||||xx |||||||||||||| ||spa|| | ||
| 041 | _aESP | ||
| 082 |
_a511.3 _bK37 |
||
| 100 |
_aKelley, Dean _eAUT |
||
| 245 | 0 | _aTeoría de autómatas y lenguajes formales | |
| 260 | _c1998 | ||
| 300 |
_axiii, 302 páginas : _c24 cm. |
||
| 650 | _aGEN | ||
| 654 | _aCMA | ||
| 942 |
_cLIB _dJUS _fJUS _2ddc _n |
||
| 999 |
_c14308 _d14308 |
||